01549 2200325 4500001002100000005001500021035002000036007000300056008004100059020001800100020001800118082001000136084001600146100003300162245012800195250002000323300002500343700003100368520060500399600002201004264004301026336002101069337003001090338002301120990001601143990001601159990001601175990001601191990001601207INLIS00000000000041020260424112755 a0010-0426000409ta260424 g 0 ind  a9786233232838 a9786233232845 a153.8 a153.8 PUT p0 aPutri CandrayantiePengarang14aThe power of egois :bEgois bukan berarti tidak berempati terhadap orang lain /cPutri Candrayanti ; editor, Giovanny Risky acetakan pertama a116 halaman ;c20 cm0 aGiovanny RiskyePenyunting aMenjadi egois bukanlah kesalahan. Akibat terlalu sering membantu orang lain, terkadang diri sendiri pun membutuhkan bantuan. Diri sendiri harus dicintai terlebih dahulu sebelum Anda mencintai orang lain. Jika Anda terlalu merasa “tidak enakan”, Anda akan merasa sulit untuk membahagiakan diri sendiri. Oleh sebab itu, Anda harus bersikap egois agar bisa memiliki kesehatan mental yang lebih baik dan hidup bahagia. Di dalam buku ini, terdapat kiat-kiat yang bisa Anda gunakan untuk menjadi pribadi yang lebih egois dengan mendahulukan kepentingan diri, kemudian baru bisa membantu orang lain. 4aPengembangan Diri aYogyakarta :bMirra Buana Media,c2023 2rdacontentateks 2rdamediaatanpa perantara 2rdacarrieravolume aTT001577/24 aKC000783/24 aPT001245/24 aRC001299/24 aNM001380/24